| 000 | 01081nam a2200325 c 4500 | ||
|---|---|---|---|
| 999 |
_c344440 _d344440 |
||
| 003 | BLK | ||
| 005 | 20191002113726.0 | ||
| 008 | 180911b bul|||||r ||||||| ||bul|| | ||
| 010 | _a004105 | ||
| 040 | _aBLK | ||
| 041 |
_aFRE _cBUL |
||
| 080 | _z840-31 | ||
| 100 | 1 |
_aBALZAC, Honore de _eпърви автор _94382 |
|
| 245 | 0 | 0 | _aModeste Mignon |
| 246 | _pепос-романи | ||
| 250 | _aNouv. ed | ||
| 260 |
_aParis _bCalmann Levy _c1881 |
||
| 300 |
_a312 с _c16 см |
||
| 380 | _a82 | ||
| 490 |
_aЧастна колекция - Академик Михаил Арнаудов _gДарение - Основен фонд |
||
| 500 | _aМихаил Арнаудов: негови-книга. - Михаил Арнаудов: подпис. - Датиране на книгата : 10 Х 97. Подчертавания в текста | ||
| 653 | _aепос | ||
| 653 | _aромани | ||
| 655 |
_aфренска литература _9396933 |
||
| 700 | 1 |
_aH. de Balzac _9398034 |
|
| 852 | _aМА 1276 | ||
| 942 |
_cKNG _n0 _s1 |
||
| 944 |
_aCR _c1996 _kValK |
||
| 999 | _d344440 | ||